000 00505nam a2200169Ia 4500
005 20250508154133.0
008 008 250505s9999 xx 000 0 eng d
037 _aTextual
040 _aFEDL
_beng
_cFEDL
041 _aeng
_2eng
084 _a620.09, INS
_qFEDL
245 0 _aFinal report on engineering manpower survey
260 _aNew Delhi, India
_bInstitute of Applied Manpower Research
_c1966
300 _aiii,237p.
942 _cTEXL
_h620.09, INS
999 _c1347915
_d1347915